Health, exercise and fitness / (Record no. 36545)

MARC details
000 -LEADER
fixed length control field 00696nam a22001937a 4500
005 - DATE AND TIME OF LATEST TRANSACTION
control field 20100603144240.0
008 - FIXED-LENGTH DATA ELEMENTS--GENERAL INFORMATION
fixed length control field 100603t xxu||||| |||| 00| 0 eng d
010 ## - LCCN (DPL NO)
LC control number ENG-96289
020 ## - INTERNATIONAL STANDARD BOOK NUMBER
International Standard Book Number 9788178795690
Terms of availability 495.00
035 ## - SYSTEM CONTROL NUMBER
System control number EN-79822
037 ## - SOURCE OF ACQUISITION
Source of stock number/acquisition DBAD/PUB
040 ## - CATALOGING SOURCE
Original cataloging agency DPL
Language of cataloging ENG
082 ## - DEWEY DECIMAL CLASSIFICATION NUMBER
Classification number 613.7046
245 ## - TITLE STATEMENT
Title Health, exercise and fitness /
Statement of responsibility, etc edited by and compiled by Briz Mohan T. Raman
260 ## - PUBLICATION, DISTRIBUTION, ETC. (IMPRINT)
Place of publication, distribution, etc New Delhi
Name of publisher, distributor, etc Sports Publication
300 ## - PHYSICAL DESCRIPTION
Extent 284p.;
Other physical details ill.;
Dimensions 22 cm. (Hb)
942 ## - ADDED ENTRY ELEMENTS (KOHA)
Source of classification or shelving scheme Dewey Decimal Classification
Item type English Books
Classification part 613.7046
Call number suffix HEA
Holdings
Withdrawn status Lost status Source of classification or shelving scheme Damaged status Not for loan Collection code Home library Current library Date acquired Source of acquisition Cost, normal purchase price Total Checkouts Full call number Barcode Date last seen Copy number Cost, replacement price Koha item type
    Dewey Decimal Classification   Not For Loan Non-fiction D.B.Act.Division D.B.Act.Division 10/05/2010 DBAD/PUB 495.00   613.7046 HEA EN-79822 03/06/2010 1 495.00 English Books

© Delhi Public Library
Hit Counter
free hit counter